000 01047cam a2200241 4500
001 J125529
008 040323n2003 000 0 eng u
035 _a(Sirsi) u125529
041 _aeng
050 _a333.0062
_c18
110 _aRoyal Institution of Chartered Surveyors
_bGovernance and Corporate Management
_94171
245 _aCouncil of RICS England and Wales
_bconnectivity with faculties in England and Wales
260 _a[S.l.]
_bRICS
_c2003
490 _aRICS Brooke Review
_vEWC/P (03) 18
520 _aThis paper proposes a framework to encourage and facilitate specialist activity and RICS member involvement locally in England and Wales. Forms part of the supporting documentation for Brooke Review Committee meeting 12 January 2004.
650 _aRICS BROOKE REVIEW
650 _aRICS FACULTIES AND FORUMS
650 _aRICS MEMBERSHIP
690 _aRICS NEWS
710 _aRoyal Institution of Chartered Surveyors
_94900
710 _aRoyal Institution of Chartered Surveyors
_bFaculties and Forums
_94495
942 _n0
999 _c103429
_d103429